000 00374nam a2200109Ia 4500
008 160909s9999 xx 000 0 und d
100 _aVenter, Morgan
245 _aYouWin: Young women's mind and body therapy
260 _bCalifornia State University, Long Beach.
_c2016
650 _aFINANCIAL MANAGEMENT
856 _uhttp://pqdtopen.proquest.com/doc/1783578772.html?FMT=ABS
999 _c304565
_d304565